000 00448nam a2200193Ia 4500
008 210210b1910 xxu||||| |||| 00| 0 eng d
041 _aeng
082 _a513/119
100 _aPRASAD (Ganesh)
245 _aText book of integral calculus
260 _aNew York
_bLongman Green & Co Ltd.,
_c1910
650 _aText
650 _aof
650 _aintegral
650 _acalculus
650 _abook
690 _aCalculus
906 _a007399
999 _c139890
_d139890